Operations Management: decsion making with operation function (Record no. 208429)

MARC details
000 -LEADER
fixed length control field 00456nam a2200169Ia 4500
008 - FIXED-LENGTH DATA ELEMENTS--GENERAL INFORMATION
fixed length control field 231221s9999 xx 000 0 und d
041 ## - LANGUAGE CODE
Language code of text/sound track or separate title English
082 ## - DEWEY DECIMAL CLASSIFICATION NUMBER
Classification number 658.5 SCH;1 R
100 ## - MAIN ENTRY--PERSONAL NAME
Personal name Schroeder, Roger G
245 #0 - TITLE STATEMENT
Title Operations Management: decsion making with operation function
250 ## - EDITION STATEMENT
Edition statement 4th ed.
260 ## - PUBLICATION, DISTRIBUTION, ETC.
Date of publication, distribution, etc. 1993
Name of publisher, distributor, etc. T M H
Place of publication, distribution, etc. New York
300 ## - PHYSICAL DESCRIPTION
Extent xvi+848
440 ## - SERIES STATEMENT/ADDED ENTRY--TITLE
Title Mcgraw-hill series in Management
500 ## - GENERAL NOTE
General note E.-509
942 ## - ADDED ENTRY ELEMENTS (KOHA)
Koha item type Hotel Management Library
Holdings
Date last seen Total checkouts Full call number Accession number Price effective from Category Lost status Damaged status Department Withdrawn status Home library Current library Shelving location Entry date Vendor Grants Billdate Currency symbol Conversion rate Discount Old discount
26/01/2024   658.5 SCH;1 R HM1234 26/01/2024 Hotel Management Library     HEM   Central Library Central Library HM   Publisher DONATED 29/06/2010 RS 1    

© For any Suggestions or Query, please contact the library staff @ librarian@pes.edu or Phone: +9180 2672 1983/ 2108.